House of Pitt: a family chronicle (Record no. 372202)

000 -LEADER
fixed length control field 00354cam a22001337a 4500
008 - FIXED-LENGTH DATA ELEMENTS--GENERAL INFORMATION
fixed length control field 180718b1948 xxu||||| |||| 00| 0 eng d
082 ## - DEWEY DECIMAL CLASSIFICATION NUMBER
Classification number A99 P686/L576
100 ## - MAIN ENTRY--PERSONAL NAME
Personal name Lever, Tresham
245 ## - TITLE STATEMENT
Title House of Pitt: a family chronicle
Statement of responsibility, etc. by Tresham Lever
260 ## - PUBLICATION, DISTRIBUTION, ETC.
Place of publication, distribution, etc. London
Name of publisher, distributor, etc. Murrey
Date of publication, distribution, etc. 1948
300 ## - PHYSICAL DESCRIPTION
Extent 378p.
650 ## - SUBJECT ADDED ENTRY--TOPICAL TERM
Topical term or geographic name entry element UK - History
650 ## - SUBJECT ADDED ENTRY--TOPICAL TERM
Topical term or geographic name entry element Pitt Family
Holdings
Withdrawn status Lost status Damaged status Not for loan Permanent Location Current Location Date acquired Full call number Barcode Date last seen Price effective from Koha item type
        Indian Institute of Public Administration Indian Institute of Public Administration 1994-06-15 A99 P686/L576 7005 2018-07-21 2018-07-21 Book

Powered by Koha